| 000 | 00605nam a2200217Ia 4500 | ||
|---|---|---|---|
| 003 | GCL | ||
| 008 | 140319s9999 xx 000 0 ara d | ||
| 040 |
_aGCL / _cGCL |
||
| 082 | 0 | 4 |
_aد _b050 _bاع |
| 100 | 1 | _aوزارة الثقافة | |
| 245 | 1 | 0 |
_aالعالم الثقافي / _cوزارة الثقافة |
| 260 |
_a[S.N] : _bالمجلس الاعلى للثقافة ، _c1991 |
||
| 300 | _aمتعدد | ||
| 490 |
_aالعظماء _v0 |
||
| 650 | 0 | 4 | _aالادب |
| 650 | 0 | 4 | _aالشعر |
| 650 | 0 | 4 | _aالثقافة |
| 650 | 0 | 4 | _aالفنون |
| 650 | 0 | 4 | _aالشعائر |
| 942 |
_2ddc _cCF |
||
| 999 |
_c27203 _d27203 |
||